Primer congreso nacional de medicina 17 -21 de Noviembre de 1942 : Relatos oficiales y comunicaciones (Registro nro. 73166)

Detalles MARC
001 - NÚMERO DE CONTROL
campo de control 146245
005 - FECHA Y HORA DE LA ÚLTIMA TRANSACCIÓN
campo de control 20260506075442.0
008 - DATOS DE LONGITUD FIJA--INFORMACIÓN GENERAL
campo de control de longitud fija 971114s1943 spa
035 ## - NÚMERO DE CONTROL DEL SISTEMA
Número de control de sistema 146245
035 ## - NÚMERO DE CONTROL DEL SISTEMA
Número de control de sistema (OCoLC)547462904
040 ## - FUENTE DE LA CATALOGACIÓN
Centro/agencia transcriptor comduadb
041 ## - CÓDIGO DE LENGUA
Código de lengua del texto/banda sonora o título independiente spa
080 ## - NÚMERO DE LA CLASIFICACIÓN DECIMAL UNIVERSAL
Número de la Clasificación Decimal Universal W
111 20 - ENTRADA PRINCIPAL--NOMBRE DE CONGRESO/REUNIÓN
Nombre de congreso/reunión o jurisdicción como elemento de entrada Congreso Nacional de Medicina,
Código de función aut
Unidad subordinada aut
245 10 - MENCIÓN DE TÍTULO
Título Primer congreso nacional de medicina 17 -21 de Noviembre de 1942 : Relatos oficiales y comunicaciones
260 ## - PUBLICACIÓN, DISTRIBUCIÓN, ETC.
Lugar de publicación, distribución, etc. Chile,
Fecha de publicación, distribución, etc. 1943.
300 ## - DESCRIPCIÓN FÍSICA
Extensión v.
500 ## - NOTA GENERAL
Nota general Biblioteca tiene volumen 2.
650 #0 - PUNTO DE ACCESO ADICIONAL DE MATERIA--TÉRMINO DE MATERIA
Término de materia o nombre geográfico como elemento de entrada Educación médica
9 (RLIN) 1561
650 ## - PUNTO DE ACCESO ADICIONAL DE MATERIA--TÉRMINO DE MATERIA
Término de materia o nombre geográfico como elemento de entrada Seminarios
9 (RLIN) 11358
650 #7 - PUNTO DE ACCESO ADICIONAL DE MATERIA--TÉRMINO DE MATERIA
Término de materia o nombre geográfico como elemento de entrada Medicina
Fuente del encabezamiento o término dcs
9 (RLIN) 4821
942 ## - ELEMENTOS DE ENTRADA AGREGADA (KOHA)
Tipo de ítem Koha Libros
Existencias
Estado de retiro Estado de pérdida Estado dañado No para préstamo Código de colección Localización permanente Ubicación/localización actual Fecha de adquisición Fuente de adquisición Número de inventario Total de préstamos Signatura topográfica completa Código de barras Fecha visto por última vez Número de copia Precio válido a partir de Tipo de ítem Koha
        Colección Historia de la Medicina Biblioteca Médica, Campus Medellín Biblioteca Médica, Campus Medellín 14/11/1997 Material adquirido por donación C201525   W3 DC5-42v2 61000000536033 21/04/2023 1 21/04/2023 Libros - Reserva